Music Quiz

Random Music or Clickable Quiz

Hit Song Titles in Context Quiz Stats

 Plays Quiz Updated Nov 21, 2015

Challenge
Share
Tweet
Embed
Score 0/30 Timer 05:00
0 Plays Today
% Correct
Call Me Maybe
98.1%
Stronger
97.6%
Roar
97.5%
Grenade
95.5%
Wrecking Ball
94.6%
Rude
92.5%
See You Again
91.7%
Blank Space
90.3%
All About That Bass
89.8%
Cheerleader
89.7%
Whistle
89.6%
All of Me
89.2%
Someone Like You
88.1%
Happy
87%
Sexy and I Know it
85.6%
% Correct
Blurred Lines
85.1%
Can't Feel My Face
84.9%
One More Night
84.1%
Born This Way
83.8%
Harlem Shake
83.8%
Royals
83.5%
We Found Love
82.2%
Timber
81.1%
Can't Hold Us
80.9%
Fancy
80.4%
Somebody That I Used to Know
79.7%
Hold it Against Me
79.5%
We Are Young
77.3%
Give Me Everything
74.2%
Just Give Me a Reason
70.8%

You're not logged in!

Compare scores with friends on all Sporcle quizzes.
Join for Free
OR
Log In

You Might Also Like...

Show Comments

Extras

Top Quizzes Today


Score Distribution

Your Account Isn't Verified!

In order to create a playlist on Sporcle, you need to verify the email address you used during registration. Go to your Sporcle Settings to finish the process.

Report this User

Report this user for behavior that violates our Community Guidelines.

Details: